[Event "HUN-chT2 Szechenyi 1718"]
[Site "Hungary"]
[Date "2017.11.26"]
[Round "2.1"]
[White "Czebe, Attila"]
[Black "Jansen, Christof"]
[Result "1-0"]
[WhiteElo "2465"]
[BlackElo "2223"]
[PlyCount "26"]
[EventDate "2017.10.29"]
[EventType "team-tourn"]
[EventRounds "9"]
[EventCountry "HUN"]
[SourceTitle "EXT 2021"]
[Source "ChessBase"]
[SourceDate "2020.10.23"]
[SourceVersion "1"]
[SourceVersionDate "2020.10.23"]
[SourceQuality "1"]
[WhiteTeam "Ajka Banyasz"]
[BlackTeam "Keszthely Spartacus"]
[WhiteTeamCountry "HUN"]
[BlackTeamCountry "HUN"]

1. e4 g6 2. d4 Bg7 3. Nf3 d6 4. Bc4 c6 5. Bb3 Nf6 6. Qe2 0-0 7. e5 dxe5 8. dxe5 Ne8 9. h3 Na6 10. 0-0 Nc5 11. Re1 a5 12. Be3 Nxb3 13. axb3 Qc7 1-0

[Event "HUN-chT2 Szechenyi 1617"]
[Site "Hungary"]
[Date "2016.10.09"]
[Round "2.1"]
[White "Jansen, Christof"]
[Black "Olle, Peter"]
[Result "1-0"]
[WhiteElo "2214"]
[BlackElo "2172"]
[PlyCount "33"]
[EventDate "2016.09.25"]
[EventType "team-tourn"]
[EventRounds "11"]
[EventCountry "HUN"]
[SourceTitle "EXT 2021"]
[Source "ChessBase"]
[SourceDate "2020.10.23"]
[SourceVersion "1"]
[SourceVersionDate "2020.10.23"]
[SourceQuality "1"]
[WhiteTeam "Keszthely Spartacus"]
[BlackTeam "Sarvar"]
[WhiteTeamCountry "HUN"]
[BlackTeamCountry "HUN"]

1. g3 e5 2. Bg2 c6 3. c3 d6 4. d4 Be7 5. dxe5 dxe5 6. Qxd8+ Bxd8 7. Nd2 Be7 8. Nc4 f6 9. Bh3 Bxh3 10. Nxh3 c5 11. e4 Nc6 12. a4 b6 13. Ke2 h5 14. f3 g5 15. Nf2 h4 16. Bd2 Rd8 17. Ng4 1-0

[Event "Heviz op 12th"]
[Site "Heviz"]
[Date "2016.04.07"]
[Round "2"]
[White "Metaxasz, Vaszilisz"]
[Black "Jansen, Christof"]
[Result "1/2-1/2"]
[WhiteElo "2029"]
[BlackElo "2254"]
[PlyCount "90"]
[EventDate "2016.04.06"]
[EventType "swiss"]
[EventRounds "9"]
[EventCountry "HUN"]
[SourceTitle "CBM 171 Extra"]
[Source "ChessBase"]
[SourceDate "2016.04.26"]
[SourceVersion "1"]
[SourceVersionDate "2016.04.26"]
[SourceQuality "1"]

1. c4 c5 2. g3 Nc6 3. Bg2 g6 4. Nc3 Bg7 5. d3 d6 6. Nf3 e5 7. 0-0 Nge7 8. Bg5 h6 9. Bxe7 Qxe7 10. Ne1 0-0 11. Nc2 f5 12. Ne3 g5 13. Ned5 Qd8 14. f4 exf4 15. gxf4 gxf4 16. Nxf4 Bd4+ 17. Kh1 Kh7 18. Qd2 Qh4 19. e3 Be5 20. Ncd5 Bd7 21. Rf3 Rae8 22. Rh3 Qg5 23. Rg3 Qd8 24. Rg1 Rg8 25. Bf3 Rg5 26. a3 Reg8 27. b4 Bxf4 28. Nxf4 Rxg3 29. Rxg3 Rxg3 30. hxg3 Qf6 31. b5 Qa1+ 32. Kg2 Ne5 33. Bxb7 Qxa3 34. Bd5 Be8 35. Qe2 Bg6 36. e4 Kg7 37. Nxg6 Kxg6 38. exf5+ Kg7 39. f6+ Kxf6 40. Qf2+ Kg7 41. Be4 Nxd3 42. Qf5 Qb2+ 43. Kf1 Qa1+ 44. Kg2 Qb2+ 45. Kf1 Qa1+ 1/2-1/2

[Event "Heviz op 12th"]
[Site "Heviz"]
[Date "2016.04.06"]
[Round "1"]
[White "Jansen, Christof"]
[Black "Arvai, Eszter"]
[Result "1-0"]
[WhiteElo "2254"]
[BlackElo "1893"]
[PlyCount "87"]
[EventDate "2016.04.06"]
[EventType "swiss"]
[EventRounds "9"]
[EventCountry "HUN"]
[SourceTitle "CBM 171 Extra"]
[Source "ChessBase"]
[SourceDate "2016.04.26"]
[SourceVersion "1"]
[SourceVersionDate "2016.04.26"]
[SourceQuality "1"]

1. d3 d5 2. g3 Nf6 3. Bg2 e6 4. e4 dxe4 5. dxe4 Qxd1+ 6. Kxd1 Ng4 7. Ke1 Bc5 8. Nh3 Nc6 9. c3 Nce5 10. b4 Bb6 11. Ke2 a5 12. b5 Nc4 13. Nd2 Nge5 14. f4 Nxd2 15. Kxd2 Ng4 16. e5 a4 17. Bf3 Ne3 18. Kd3 Nd5 19. Ba3 Ne7 20. Rad1 Bd7 21. Rb1 Rd8 22. Kc2 Nd5 23. c4 Ne3+ 24. Kc3 Bc8 25. c5 Ba5+ 26. Bb4 Bxb4+ 27. Rxb4 Nd5+ 28. Bxd5 Rxd5 29. Rc4 Ke7 30. Ng5 Rhd8 31. Ne4 Bd7 32. Rb1 Be8 33. b6 cxb6 34. cxb6 Bc6 35. Nd6 Rd7 36. Rb2 f6 37. Re2 fxe5 38. Rxe5 Rxe5 39. fxe5 Rd8 40. Rf4 Rf8 41. Rxf8 Kxf8 42. Kb4 h6 43. a3 Kg8 44. Kc5 1-0

[Event "HUN-chT2 Szechenyi 1516"]
[Site "Hungary"]
[Date "2016.02.28"]
[Round "8.1"]
[White "Nagy, Hunor"]
[Black "Jansen, Christof"]
[Result "0-1"]
[WhiteElo "2018"]
[BlackElo "2239"]
[PlyCount "36"]
[EventDate "2015.09.13"]
[EventType "team-tourn"]
[EventRounds "11"]
[EventCountry "HUN"]
[SourceTitle "EXT 2017"]
[Source "ChessBase"]
[SourceDate "2016.10.25"]
[SourceVersion "1"]
[SourceVersionDate "2016.10.25"]
[SourceQuality "1"]
[WhiteTeam "Szechenyi ESE"]
[BlackTeam "Keszthely Spartacus"]
[WhiteTeamCountry "HUN"]
[BlackTeamCountry "HUN"]

1. e4 g6 2. d4 Bg7 3. Nf3 d6 4. Bc4 c6 5. Bb3 Nf6 6. Nc3 0-0 7. Bf4 Nbd7 8. Qd2 b5 9. a3 Nb6 10. d5 c5 11. Qe2 b4 12. axb4 cxb4 13. Nb5 a5 14. Ba4 Nxa4 15. Rxa4 Ba6 16. Nfd4 Nh5 17. Qe3 Nxf4 18. Qxf4 Qb6 0-1

[Event "HUN-chT2 Szechenyi 1516"]
[Site "Hungary"]
[Date "2015.10.18"]
[Round "3.1"]
[White "Jansen, Christof"]
[Black "Vertetics, Attila"]
[Result "1/2-1/2"]
[WhiteElo "2239"]
[BlackElo "2417"]
[PlyCount "32"]
[EventDate "2015.09.13"]
[EventType "team-tourn"]
[EventRounds "11"]
[EventCountry "HUN"]
[SourceTitle "CBM 170 Extra"]
[Source "ChessBase"]
[SourceDate "2016.02.25"]
[SourceVersion "1"]
[SourceVersionDate "2016.02.25"]
[SourceQuality "1"]
[WhiteTeam "Keszthely Spartacus"]
[BlackTeam "Gyor Elektromos"]
[WhiteTeamCountry "HUN"]
[BlackTeamCountry "HUN"]

1. d3 d5 2. g3 e5 3. Bg2 Nf6 4. e4 dxe4 5. dxe4 Qxd1+ 6. Kxd1 Nc6 7. f3 Bc5 8. Nd2 a5 9. a4 b6 10. c3 Ke7 11. Nb3 Rd8+ 12. Kc2 Bxg1 13. Rxg1 Ne8 14. Nd2 Ba6 15. Bf1 Nd6 16. b3 Bxf1 1/2-1/2

[Event "Luxembourg-chT 1314"]
[Site "Luxembourg"]
[Date "2013.12.10"]
[Round "3"]
[White "Jansen, Christof"]
[Black "Frischmann, Rick"]
[Result "0-1"]
[WhiteElo "2252"]
[BlackElo "2211"]
[PlyCount "122"]
[EventDate "2013.10.05"]
[EventType "team-tourn"]
[EventRounds "10"]
[EventCountry "LUX"]
[SourceTitle "EXT 2017"]
[Source "ChessBase"]
[SourceDate "2016.10.25"]
[SourceVersion "1"]
[SourceVersionDate "2016.10.25"]
[SourceQuality "1"]

1. d3 e5 2. g3 g6 3. Bg2 Bg7 4. e4 Ne7 5. Ne2 0-0 6. 0-0 d5 7. Nd2 Nbc6 8. f4 f5 9. exd5 Nxd5 10. Nc4 exf4 11. Nxf4 Nxf4 12. Bxf4 Be6 13. c3 g5 14. Bc1 h6 15. Ne3 f4 16. gxf4 gxf4 17. Nc4 Qg5 18. Qf3 Bg4 19. Qd5+ Kh8 20. Qxg5 hxg5 21. Be4 Rad8 22. Kf2 Bf5 23. Bxf5 Rxf5 24. d4 b5 25. Nd2 g4 26. h3 g3+ 27. Kf3 Bxd4 28. cxd4 Nxd4+ 29. Kg2 Nc2 30. Nb3 Nxa1 31. Nxa1 Rd4 32. b3 Kh7 33. Nc2 Re4 34. Kf3 Re8 35. Ne1 Rfe5 36. Ng2 Re2 37. Bxf4 Rxa2 38. Rc1 Re7 39. Ne3 Rb2 40. Rc3 Rd7 41. Be5 b4 42. Rc4 Rxb3 43. Bxg3 Rf7+ 44. Ke4 Re7+ 45. Be5 Rb1 46. Kf5 b3 47. Rb4 a5 48. Rb8 Rxe5+ 49. Kxe5 b2 50. Kd4 a4 51. Kc3 a3 52. Kb3 Ra1 53. Ka4 b1Q 54. Rxb1 Rxb1 55. Kxa3 Kg7 56. Nd5 Rc1 57. Kb4 Kf7 58. Ne3 Ke6 59. Nc4 Rh1 60. Kc5 Kd7 61. Ne5+ Kc8 0-1

[Event "Nachod op 11th"]
[Site "Nachod"]
[Date "2013.07.01"]
[Round "3"]
[White "Jansen, Christof"]
[Black "Jirka, Jiri"]
[Result "0-1"]
[WhiteElo "2241"]
[BlackElo "2432"]
[PlyCount "80"]
[EventDate "2013.06.29"]
[EventType "swiss"]
[EventRounds "9"]
[EventCountry "CZE"]
[SourceTitle "CBM 155 Extra"]
[Source "ChessBase"]
[SourceDate "2013.08.26"]
[SourceVersion "1"]
[SourceVersionDate "2013.08.26"]
[SourceQuality "1"]

1. d3 d5 2. g3 Nf6 3. Bg2 c5 4. e4 Nc6 5. Nc3 d4 6. Nce2 e5 7. h3 Bd6 8. f4 exf4 9. gxf4 Bc7 10. Nf3 0-0 11. 0-0 Re8 12. Ng3 Rb8 13. c4 dxc3 14. bxc3 b5 15. e5 Nd5 16. Ng5 h6 17. Qh5 Rf8 18. Be4 Nce7 19. Bh7+ Kh8 20. Be4 Nxc3 21. Nxf7+ Rxf7 22. Qxf7 Nxe4 23. dxe4 Bxh3 24. Nh5 Qf8 25. Qxf8+ Rxf8 26. Rf2 Bg4 27. Ng3 Nc6 28. Rb1 b4 29. Be3 c4 30. Kg2 a5 31. Rc2 c3 32. a3 Rd8 33. Kf2 Bd1 34. Rcc1 c2 35. Rb2 bxa3 36. Rbxc2 Bxc2 37. Rxc2 Nb4 38. Rd2 a2 39. Rxd8+ Bxd8 40. Bd4 Bb6 0-1

[Event "Luxembourg-chT 1213"]
[Site "Luxembourg"]
[Date "2012.11.10"]
[Round "2"]
[White "Vatter, Hans Joachim"]
[Black "Jansen, Christof"]
[Result "1/2-1/2"]
[WhiteElo "2361"]
[BlackElo "2252"]
[PlyCount "36"]
[EventDate "2012.10.??"]
[EventType "team-tourn"]
[EventRounds "10"]
[EventCountry "LUX"]
[SourceTitle "EXT 2017"]
[Source "ChessBase"]
[SourceDate "2016.10.25"]
[SourceVersion "1"]
[SourceVersionDate "2016.10.25"]
[SourceQuality "1"]

1. e4 g6 2. d4 Bg7 3. Nc3 c6 4. Nf3 d6 5. a4 Bg4 6. Be2 e5 7. dxe5 Bxf3 8. Bxf3 dxe5 9. Qe2 Nf6 10. 0-0 0-0 11. Be3 Qe7 12. Qc4 Na6 13. Rfd1 Rfe8 14. Be2 Bf8 15. Rd2 Nc5 16. a5 b5 17. axb6 axb6 18. Rxa8 Rxa8 1/2-1/2

[Event "Brno Duras op-A"]
[Site "Brno"]
[Date "2012.06.24"]
[Round "3"]
[White "Jansen, Christof"]
[Black "Balazec, Ludovit"]
[Result "1-0"]
[WhiteElo "2261"]
[BlackElo "1983"]
[PlyCount "109"]
[EventDate "2012.06.23"]
[EventType "tourn"]
[EventRounds "9"]
[EventCountry "CZE"]
[SourceTitle "CBM 149 Extra"]
[Source "ChessBase"]
[SourceDate "2012.08.24"]
[SourceVersion "1"]
[SourceVersionDate "2012.08.24"]
[SourceQuality "1"]

1. d3 e5 2. g3 d5 3. Bg2 Nf6 4. e4 Bg4 5. f3 Be6 6. Nh3 h6 7. Nf2 Bc5 8. c3 0-0 9. d4 exd4 10. cxd4 Bb4+ 11. Nc3 dxe4 12. fxe4 Bc4 13. a3 Ba5 14. Qa4 Bxc3+ 15. bxc3 Ba6 16. Bf4 Nbd7 17. Qc2 Re8 18. Bf1 Bxf1 19. Kxf1 c5 20. Kg2 Rc8 21. d5 c4 22. Rhe1 Nc5 23. Rad1 Qa5 24. e5 Nd3 25. Nxd3 Qxd5+ 26. Kg1 cxd3 27. Qxd3 Qxd3 28. Rxd3 Rc5 29. Rb1 Nd5 30. Rxb7 g5 31. Bd2 Rxe5 32. Rxa7 Re8 33. c4 Nf6 34. Rd4 Rec8 35. Ra6 R5c6 36. Rxc6 Rxc6 37. Kf2 Re6 38. Bb4 h5 39. a4 Ng4+ 40. Kg1 Ne5 41. Rd5 f6 42. c5 Re8 43. a5 Rb8 44. a6 Kf7 45. Bc3 Ng4 46. Bd4 Ra8 47. Rd6 Ke7 48. h3 Ne5 49. Bxe5 fxe5 50. Kf2 Ra7 51. Rh6 Kf8 52. Rb6 Rf7+ 53. Ke3 g4 54. hxg4 hxg4 55. Rb8+ 1-0

[Event "Balaton op"]
[Site "Heviz"]
[Date "2010.06.25"]
[Round "7"]
[White "Jansen, Christof"]
[Black "Takacs, Balazs"]
[Result "1-0"]
[WhiteElo "2264"]
[BlackElo "2354"]
[PlyCount "164"]
[EventDate "2010.06.19"]
[EventType "swiss"]
[EventRounds "9"]
[EventCountry "HUN"]
[SourceTitle "CBM 137 Extra"]
[Source "ChessBase"]
[SourceDate "2010.09.01"]
[SourceVersion "1"]
[SourceVersionDate "2010.09.01"]
[SourceQuality "1"]

1. d3 d5 2. g3 Nf6 3. Bg2 e5 4. e4 dxe4 5. dxe4 Qxd1+ 6. Kxd1 Bc5 7. f3 Nc6 8. c3 h6 9. Nd2 a5 10. a4 0-0 11. Kc2 Be6 12. Bh3 Rad8 13. Bxe6 fxe6 14. Nc4 Nh7 15. Be3 Bxe3 16. Nxe3 Rf7 17. Rf1 Rdf8 18. Kd3 Ng5 19. Ke2 b6 20. h4 Nh7 21. Ng4 Rb8 22. Nh3 Rff8 23. Nhf2 Nf6 24. Ne3 Kf7 25. Nd3 Ke7 26. Nc4 Nd7 27. Rd1 Rbd8 28. Rd2 Rfe8 29. Rhd1 Rg8 30. h5 Rgf8 31. Ke3 Rg8 32. Na3 Nf6 33. g4 Rgf8 34. Nb5 Rd7 35. b3 Ra8 36. Rg1 Rf8 37. Na3 Rdd8 38. Nc4 Nd7 39. g5 Rg8 40. Rdg2 Kf7 41. gxh6 gxh6 42. Rg6 Rxg6 43. Rxg6 Rh8 44. f4 exf4+ 45. Kxf4 Ke7 46. Rg7+ Ke8 47. Ke3 Kd8 48. Nf4 Nc5 49. Nd2 Kc8 50. Nf3 Nd8 51. Ng6 Re8 52. Nd2 Nc6 53. Rh7 Rd8 54. Nf4 Ne5 55. Ke2 Ng4 56. Rg7 Ne5 57. Ng6 Ncd7 58. Nxe5 Nxe5 59. Re7 Rd6 60. Rh7 Ng4 61. Rf7 Rd7 62. Rf4 Rg7 63. Nf3 Kd8 64. Rf8+ Ke7 65. Rc8 Kd6 66. b4 Kd7 67. Ra8 axb4 68. cxb4 Nf6 69. Ne5+ Kd6 70. Nc4+ Kc6 71. a5 Nxe4 72. a6 Nc3+ 73. Kf3 Rg5 74. Rh8 Rf5+ 75. Kg4 Rg5+ 76. Kh4 Nb5 77. Rxh6 Rg1 78. Ne5+ Kd5 79. Ng6 Nd4 80. Rh8 Nf3+ 81. Kh3 Ng5+ 82. Kh2 Nf3+ 1-0

[Event "Lubawka op 3rd"]
[Site "Lubawka"]
[Date "2008.07.07"]
[Round "3"]
[White "Jansen, Christof"]
[Black "Korpalski, Robert"]
[Result "1-0"]
[WhiteElo "2276"]
[BlackElo "2172"]
[PlyCount "139"]
[EventDate "2008.07.05"]
[EventType "swiss"]
[EventRounds "9"]
[EventCountry "POL"]
[SourceTitle "CBM 125 Extra"]
[Source "ChessBase"]
[SourceDate "2008.09.01"]
[SourceVersion "1"]
[SourceVersionDate "2008.09.01"]
[SourceQuality "1"]

1. d3 e5 2. g3 Bc5 3. Bg2 f5 4. Nf3 Qe7 5. 0-0 Nf6 6. c3 Bb6 7. a4 a5 8. b3 0-0 9. d4 exd4 10. cxd4 Nc6 11. Nc3 d6 12. e3 Nb4 13. Ba3 c6 14. Nd2 Be6 15. Nc4 Bc7 16. Bxb4 axb4 17. Na2 Ra7 18. Nd2 Qf7 19. Nxb4 Ba5 20. d5 Bxb4 21. dxe6 Qxe6 22. Nf3 Ne4 23. Qd3 d5 24. Rac1 Qf6 25. Qd4 Qxd4 26. Nxd4 g6 27. Bxe4 fxe4 28. Rc2 Rf6 29. f4 exf3 30. Rxf3 Rxf3 31. Nxf3 Ra8 32. Kf2 Re8 33. Ke2 Rf8 34. Nd4 Rf6 35. Ra2 Kf7 36. a5 c5 37. Nc2 Bc3 38. Kd3 Be5 39. b4 c4+ 40. Ke2 Ke6 41. b5 Kf5 42. a6 bxa6 43. bxa6 Rf8 44. Ra5 Ra8 45. a7 Ke4 46. Na3 Bc3 47. Rb5 Bb4 48. Rxb4 Rxa7 49. Nc2 Ra2 50. Kd2 Kf3 51. Rb7 h5 52. Rf7+ Kg2 53. Rf6 Kxh2 54. Rxg6 Kh3 55. Rd6 Ra5 56. Nb4 h4 57. gxh4 Kxh4 58. Rxd5 Ra4 59. Rd4+ Kg5 60. Rxc4 Kf5 61. Kd3 Ke6 62. e4 Ra1 63. Kd4 Rd1+ 64. Nd3 Rd2 65. Ke3 Rh2 66. Rc6+ Kd7 67. Ra6 Ke7 68. e5 Rh4 69. Nf4 Rh1 70. Ra7+ 1-0

[Event "Vlissingen HZ op 09th"]
[Site "Vlissingen"]
[Date "2005.08.08"]
[Round "3"]
[White "Bezemer, Arno J"]
[Black "Jansen, Christof"]
[Result "1-0"]
[WhiteElo "2364"]
[BlackElo "2261"]
[PlyCount "85"]
[EventDate "2005.08.06"]
[EventType "swiss"]
[EventRounds "9"]
[EventCountry "NED"]
[SourceTitle "CBM 107 Extra"]
[Source "ChessBase"]
[SourceDate "2005.09.01"]
[SourceVersion "1"]
[SourceVersionDate "2005.09.01"]
[SourceQuality "1"]

1. e4 e6 2. d4 d5 3. Nc3 Bb4 4. e5 c5 5. a3 Bxc3+ 6. bxc3 Qc7 7. Qg4 f5 8. Qh5+ g6 9. Qd1 Nc6 10. Nf3 Bd7 11. a4 b6 12. Be2 Na5 13. 0-0 h6 14. Re1 Ne7 15. h4 Bc6 16. Be3 c4 17. Qc1 Ng8 18. g3 0-0-0 19. Kg2 Qd7 20. Qa3 Ne7 21. Ng1 Rdg8 22. Nh3 Qd8 23. Qd6 Nb7 24. Qa3 Na5 25. Nf4 Qd7 26. Qd6 g5 27. hxg5 hxg5 28. Nxe6 f4 29. Bd2 Rg6 30. Bg4 Nb7 31. Qb4 Rxe6 32. Rh1 f3+ 33. Kxf3 Re8 34. Rh7 Nc5 35. Bxg5 Ne4 36. Bf4 Kd8 37. a5 b5 38. Rah1 Qc8 39. a6 Bd7 40. Rh8 Rg6 41. Qa5+ Qc7 42. Qxc7+ Kxc7 43. e6+ 1-0

[Event "Vlissingen HZ op 08th"]
[Site "Vlissingen"]
[Date "2004.08.08"]
[Round "2"]
[White "Jansen, Christof"]
[Black "Kasimdzhanov, Rustam"]
[Result "0-1"]
[WhiteElo "2279"]
[BlackElo "2640"]
[PlyCount "82"]
[EventDate "2004.08.07"]
[EventType "swiss"]
[EventRounds "9"]
[EventCountry "NED"]
[SourceTitle "CBM 101 Extra"]
[Source "ChessBase"]
[SourceDate "2004.09.01"]
[SourceVersion "2"]
[SourceVersionDate "2004.09.01"]
[SourceQuality "1"]

1. c4 g6 2. Nc3 Bg7 3. g3 Nf6 4. Bg2 0-0 5. Nf3 Nc6 6. 0-0 d6 7. d3 e5 8. Rb1 a5 9. a3 h6 10. b4 axb4 11. axb4 Be6 12. b5 Ne7 13. Bb2 Nd7 14. Qc2 f5 15. Ra1 Rb8 16. Nd2 Nf6 17. Ra7 c6 18. Rfa1 d5 19. Na4 Nd7 20. Ba3 e4 21. Rb1 Bd4 22. b6 f4 23. gxf4 e3 24. Nf3 exf2+ 25. Kh1 Be3 26. Bd6 Bxf4 27. Bxb8 Qxb8 28. cxd5 Nxd5 29. Nc5 Nxc5 30. Qxc5 Be3 31. Qc2 Bxb6 32. Ra4 Be3 33. Qb2 Qc8 34. Qe5 Bf4 35. Qa1 Ne3 36. Ra7 Rf7 37. Ra8 Bb8 38. Ne5 Qc7 39. Rxb8+ Qxb8 40. Nxf7 Kxf7 41. Bxc6 bxc6 0-1